00513 2200193 4500245007900000020002200079250001100101100001200112650001800124650001000142005001900152260005700171041001400228084001100242300002600253336000900279337001000288338002100298 aBuku Panduan Guru Pendidikan Agama Kristen dan Budi PekerticMulyadihText a978-602-244-709-2 aCet. 1 aMulyadi aAgama Kristen aEbook a20230616071837 aJakartabKementerian Pendidikan dan Kebudayaanc2021 aIndonesia a230.01 axvii, 182 hlm. :cPDF atext aother aother (computer)